| 000 | 01325nam a22003373i 4500 | ||
|---|---|---|---|
| 001 | 159630 | ||
| 003 | ES-MaACL | ||
| 005 | 20250811063157.0 | ||
| 008 | 990416e1875 fr |||| |dfre d | ||
| 040 |
_aCCPB | B _bspa _cCCPB | B |
||
| 080 | _a929 Francisco (44) I | ||
| 080 | _a929 Carlos (460) I | ||
| 080 | _a94(44)"1515/1547" | ||
| 100 | 1 |
_aMignet, François-Auguste-Alexis, _d1796-1884 _eaut _980989 |
|
| 245 | 1 | 0 |
_aRivalité de François Ier. et de Charles-Quint / _cpar M. Mignet |
| 260 |
_aParis : _bDidier et Cie., _c1875 _f(Typ. Georges Chamerot) |
||
| 300 |
_a2 volúmenes (552, [1] ; 503 páginas) ; _c24 cm |
||
| 530 | _aDisponible en formato digital | ||
| 596 | _aImpresor tomado del colofón | ||
| 597 | _aAntep. | ||
| 600 | 0 | 4 |
_aCarlos _bI, _cRey de España _935296 |
| 600 | 0 | 4 |
_aFrancisco _bI, _cRey de Francia _9147735 |
| 651 | 4 |
_aFrancia- _xHistoria- _y1515-1547, Francisco I _9172749 |
|
| 651 | 7 |
_aSacro Imperio Romano Germánico- _xHistoria- _y1519-1556, Carlos V _9147514 |
|
| 752 |
_aFrancia - _dParís |
||
| 852 | 4 |
_aES-MaACL _cSPAL _jC-568-69 _xHolandesa |
|
| 856 | 4 |
_uhttps://bdh-rd.bne.es/viewer.vm?id=0000040390&page=1 _yVersión en línea _z(Biblioteca Digital Hispánica) |
|
| 942 |
_2udc _cMONANT _n0 |
||
| 999 |
_c159630 _d159630 |
||